000 00548nam a2200217Ia 4500
003 OSt
005 20220928135650.0
006 a|||||r|||| 00| 0
007 ta
008 220927b |||||||| |||| 00| 0 eng d
024 _a4457
037 _cTextual
040 _aSDCL
_cSDCL
_beng
041 _2eng
_aeng
082 _aO-,1N5:g, L1
100 _aSisson C H
_9492548
245 0 _aEnglish poetry 1900-1950
_b An assessment
260 _c1971
942 _hO-,1N5:g, L1
_cTEXL
_2CC
999 _c808154
_d808154